Ghurur-Al-Hikam Wa-Durar Al-Kalim (Record no. 1044)

MARC details
000 -LEADER
fixed length control field 00600nam a2200241 a 4500
020 ## - INTERNATIONAL STANDARD BOOK NUMBER
ISBN
082 00 - DEWEY DECIMAL CLASSIFICATION NUMBER
Classification number 297.64
Author Cutter AMI
100 ## - MAIN ENTRY--AUTHOR NAME
Author name Amidi Al, Abdul Wahid
245 ## - TITLE STATEMENT
Title Ghurur-Al-Hikam Wa-Durar Al-Kalim
Sub title Saying of Ali.
260 ## - PUBLICATION, DISTRIBUTION, ETC. (IMPRINT)
Place of publication Saida
Name of publisher Matbatul Irfan
Year of publication 1931
300 ## - PHYSICAL DESCRIPTION
Number of Pages 271p.
500 ## - GENERAL NOTE
General note includes index and biblioraphy
505 2# - FORMATTED CONTENTS NOTE
Formatted contents note Index
650 ## - SUBJECT ADDED ENTRY--TOPICAL TERM
Topical Term Ali-Caliph
942 ## - ADDED ENTRY ELEMENTS (KOHA)
Koha item type Books
700 1# -
-- Amidi Al, Abdul Wahid
Holdings
Collection code Home library Current library Date acquired Cost, normal purchase price Full call number Accession Number Koha item type
  Henry Martyn Institute Library Henry Martyn Institute Library 07/10/2007 100.00 297.64 AMI 04453 Books
                   Copyright © 2026 | Henry Martyn Institute | Hyderabad | TS-500052 | INDIA | Implemented by hmi.edu.in
Hit-Count:

Powered by Koha